000 01062nmm a2200325 a 4500
001 ocm000999454
003 TR-IsHL
005 20201028151435.0
008 150709s2013 tu tur
007 cr cn
020 _a9789944742344
035 _a999454
_b(N$T)
050 0 4 _aB72
_b.E46 2013
090 0 4 _aB72
_b.E46 2013
100 1 _aElmalı, Osman
245 1 0 _aİlkçağ felsefesi tarihi: metinlerle
_h[electronic resource] /
_cOsman Elmalı ; H. Ömer Özden
250 _a3.bs.
260 _aİstanbul :
_bArı Sanat Yayınları,
_c2013
300 _a273 p.
500 _aKaynakça var.
_x
650 4 _aFelsefe, Psikoloji ve Din
650 4 _aPhilosophy, Psychology and Religion
650 0 _aPhilosophy, Ancient
650 0 _aFelsefe, Eski Çağ
650 0 _aPhilosophy
_x History
650 0 _aFelsefe
_x Tarih
650 7 _aPHILOSOPHY / History & Surveys / Ancient & Classical
_2bisacsh
700 1 _aÖzden, H. Ömer
856 4 0 _uhttp://search.ebscohost.com/login.aspx?direct=true&scope=site&db=e011xww&AN=999454
999 _c11007
_d11007